Online Catalogue and eLibrary

Women democracy and the media (Record no. 650)

MARC details
000 -LEADER
fixed length control field 00454nam a2200181Ia 4500
005 - DATE AND TIME OF LATEST TRANSACTION
control field 20240626010325.0
008 - FIXED-LENGTH DATA ELEMENTS--GENERAL INFORMATION
fixed length control field 240331s9999 xx 000 0 und d
020 ## - INTERNATIONAL STANDARD BOOK NUMBER
ISBN 8170367484
082 ## - DDC Classification
Class No. 070.4
Item Number - Author Mark BAT
100 ## - MAIN ENTRY--PERSONAL NAME
Personal name Bathla , S
245 #0 - TITLE STATEMENT
Title Women democracy and the media
260 ## - PUBLICATION, DISTRIBUTION, ETC.
Place of publication, distribution, etc. New Delhi
Name of publisher, distributor, etc. Sage Publications India Pvt Ltd
Date of publication, distribution, etc. 1998
300 ## - PHYSICAL DESCRIPTION
Extent (e.g. Volumes, Pages etc.) 209 , p .,
650 ## - SUBJECT ADDED ENTRY--TOPICAL TERM
Topical term or geographic name entry element Woman
650 ## - SUBJECT ADDED ENTRY--TOPICAL TERM
Topical term or geographic name entry element politics
650 ## - SUBJECT ADDED ENTRY--TOPICAL TERM
Topical term or geographic name entry element women in journalism
942 ## - Koha item type (Biblio)
Koha item type Books in Stacks (Lending)
Holdings
Lost status Damaged status Collection code Home library Current library Shelving location Date acquired Full call number Accession Number Item type
    Lending WERC Library WERC Library Social Science Cupboard 03/31/2024 070.4 BAT 4240 Books in Stacks (Lending)

© WERC Library